Szczegóły MARC21

The value of Emily Dickinson /

003 -Nazwa inst., której nr kontr. jest w polu 001 [,]
    • @
    • Nazwa instytucji, której n kontrolny jest w polu 001
    • NUKAT
005 -DATA I CZAS OSTATNIEJ MODYFIKACJI [,]
    • @
    • pole kontrolne
    • 20241231092431.0
020 -Międzynarod. znormalizowany nr książki - ISBN [ , ]
    • a
    • Numer ISBN
    • 9781107083912 Find
    • q
    • Dopowiedzenie
    • Hardback
020 -Międzynarod. znormalizowany nr książki - ISBN [ , ]
    • a
    • Numer ISBN
    • 9781107445864 Find
    • q
    • Dopowiedzenie
    • Paperback
040 -Instytucja sporządzająca opis [ , ]
    • a
    • Instytucja, która sporządziła opis (NP)
    • SZCZ U/JS
    • c
    • Instytucja, która sporządziła rekord (NP)
    • SZCZ U/JSs
942 -Rodzaj dokumentu [ , ]
    • c
    • Rodzaj dokumentu
    • Książka
100 -Hasło główne - nazwa osobowa [1, ]
    • a
    • Nazwa osobowa (NP)
    • Loeffelholz, Mary
    • d
    • Daty biograficzne (NP)
    • (1958- ).
    • 9
    • KHW
    • 438904
245 -Strefa tytułu i oznaczenia odpowiedzialności [1,4]
    • a
    • Tytuł
    • The value of Emily Dickinson / Find
    • c
    • Pozostałe elementy strefy tytułu i oznaczenia odpowiedzialności (NP)
    • Mary Loeffelholz.
260 -Strefa adresu wydawniczego [ , ]
    • a
    • Miejsce wydania (P)
    • New York :
    • b
    • Nazwa wydawcy (P)
    • Cambridge University Press,
    • c
    • Data wydania (P)
    • 2016.
300 -Strefa opisu fizycznego [ , ]
    • a
    • Określenie formy książki i/lub objętość (NP)
    • IX, 164 s. :
    • b
    • Oznaczenie ilustracji (NP)
    • il. ;
    • c
    • Format (NP)
    • 22 cm.
336 -Typ zawartości [ , ]
    • a
    • Termin opisujący typ zawartości
    • Tekst
    • b
    • Kod określający zawartość
    • txt
    • 2
    • Źródło (terminu i kodu)
    • rdacontent
337 -Typ mediów [ , ]
    • a
    • Tryb odtwarzania
    • Bez urządzenia pośredniczącego
    • b
    • Kod typu mediów
    • n
    • 2
    • Źródło (terminu i kodu)
    • rdamedia
338 -Typ/rodzaj nośnika [ , ]
    • a
    • Hasło opisujące typ nośnika
    • Wolumin
    • b
    • Kod typu nośnika
    • nc
    • 2
    • Źródło (terminu i kodu)
    • rdacarrier
490 -Strefa serii i książki wielotomowej - forma nie do wyszukiwania [1, ]
    • a
    • Tytuł (P)
    • The value of... Find
830 -Hasło dodatkowe serii i opisu książki wielotomowej - tytuł ujednolicony/tytuł [ ,4]
    • a
    • Tytuł ujednolicony/tytuł (NP)
    • The value of...
    • 9
    • KHW
    • 438901
504 -Uwaga dot. bibliogr. załącznikowej [ , ]
    • a
    • Uwaga dot. bibliografii załącznikowej
    • Bibliogr. s. 151-158. Indeks.
600 -Hasło przedmiotowe w formie nazwy osobowej [1,7]
    • a
    • Nazwa osobowa
    • Dickinson, Emily
    • d
    • Daty związane z nazwą
    • (1830-1886)
    • x
    • Określnik rzeczowy
    • krytyka i interpretacja.
    • 2
    • Źródło terminu
    • kaba
    • 9
    • KHW
    • 424783
650 -Hasło przedmiotowe [ ,7]
    • a
    • Hasło przedmiotowe
    • Kobiety i literatura
    • z
    • Określnik geograficzny
    • Stany Zjednoczone
    • y
    • Określnik chronologiczny
    • 19 w.
    • 2
    • Źródło terminu
    • kaba
    • 9
    • KHW
    • 438978
710 -Hasło dodatkowe - nazwa ciała zbiorowego [2, ]
    • a
    • Nazwa ciała zbiorowego lub nazwa geograficzna jako pierwszy element (NP)
    • Cambridge University Press.
    • 4
    • Kod relacji
    • pbl
    • 9
    • KHW
    • 615085
920 -ISBN [ , ]
    • a
    • ISBN
    • 978-1-107-08391-2 Find
    • q
    • Dopowiedzenie
    • Hardback
920 -ISBN [ , ]
    • a
    • ISBN
    • 978-1-107-44586-4 Find
    • q
    • Dopowiedzenie
    • Paperback
Sygnatura Status udost. Numer inwentarzowy Data inwentaryzacji Lokalizacja
ANG. Poezja amerykańska 141P.262282017-11-30BM